00322nam a2200121Ia 450000500170000000800410001708200130005810000170007124500300008826000430011830000170016150000220017820250508051014.0240331s9999 xx 000 0 und d bMAHa891 aMahendran, K 0aThuyilum oru nal kalaiyum aTellippalaibSivan Kalvi Nilayamc1986 aix, 134 p ., aA Novel in Tamil